| 000 | 00790cam a2200241 a 4500 | ||
|---|---|---|---|
| 001 | 12573772 | ||
| 005 | 20180206050432.0 | ||
| 008 | 011029s2002 nyu b 001 0 eng | ||
| 010 | _a 2001055332 | ||
| 020 | _a0735524009 | ||
| 040 |
_aDLC _cDLC _dDLC |
||
| 041 | _aeng | ||
| 043 | _an-us--- | ||
| 080 | _a346.73015 WEI | ||
| 082 | 0 | 0 |
_a346.73015 WEI _221 |
| 100 | 1 | _a14 | |
| 101 | _aJUR | ||
| 245 | 1 | 0 |
_aModern family law : _cD. Kelly Weisberg, Susan Frelich Appleton. |
| 504 | _aIncludes bibliographical references and index. | ||
| 906 |
_a7 _bcbc _corignew _d1 _eocip _f20 _gy-gencatlg |
||
| 942 |
_2ddc _cBK |
||
| 999 |
_c41912 _d41912 |
||